000 00764nam a22001817a 4500
008 100310s2009 enk|||||r|||| 001 0 eng d
020 _a9781901831054
020 _a1901831051
082 _222
_a610.73
_bHAS
100 _912405
_aHastings, Mhairi
245 _aClinical Skills made Incredibly Easy!/
_cMhairi Hastings
260 _aLondon :
_bLippincott Williams & Wilkins, 2009
_c2009
300 _avii, 376 p. :
_b ill. ;
_c24 cm.
504 _aIncludes bibliographical references (p.370-371) and index
650 _912109
_aNursing.
942 _2ddc
_cNRB
999 _c13617
_d13617